000 00929nam a22002177a 4500
005 20240530110600.0
008 160904s2014 ua o g 001 0 ara d
017 _a2012/15135
_bمصر . دار الكتب المصرية
020 _a9789774097347
040 _aEG-CaGPL
082 0 4 _221
_a961.2\
_bب ت
100 1 _aباقانينى ، باولو.
245 1 0 _aتاريخ ليبيا :
_bمن عمر المختار الى معمر القذافى /
_cباولوباقانينى ، نيقولاى ستاريكوف ؛اعداد وترجمه فوزى ربيع .
260 _aمصر :
_bكنوز للنشر والتوزيع ،
_c2012 .
300 _a319 ص؛
_c24 سم .
651 0 4 _aليبيا
_xتاريخ
_yالعصر الحديث .
700 1 _aستاريكوف ، نيقولاى
_eمؤلف.
700 0 _aفوزى ربيع.
_eمعد ومترجم.
942 _2ddc
_cBK
999 _c62640
_d62640